UITU Library & LRC     

Smart Bil pay (code book) (Record no. 32150)

MARC details
000 -LEADER
fixed length control field 00359nam a2200133Ia 4500
008 - FIXED-LENGTH DATA ELEMENTS--GENERAL INFORMATION
fixed length control field 260210s9999 xx 000 0 und d
024 ## - OTHER STANDARD IDENTIFIER
Standard number or code 10B-111-BS
082 ## - DEWEY DECIMAL CLASSIFICATION NUMBER
Classification number 330.178072 NAV
100 ## - MAIN ENTRY--PERSONAL NAME
Personal name Naveed Asghar
245 #0 - TITLE STATEMENT
Title Smart Bil pay (code book)
260 ## - PUBLICATION, DISTRIBUTION, ETC.
Place of publication, distribution, etc. Karachi:
Name of publisher, distributor, etc. UITU,
Date of publication, distribution, etc. 2010
600 ## - SUBJECT ADDED ENTRY--PERSONAL NAME
Personal name Computer Science
650 ## - SUBJECT ADDED ENTRY--TOPICAL TERM
Topical term or geographic name entry element Bachelor of Computer Science (BS)

No items available.

Powered by Koha